000 00441nam a2200169Ia 4500
005 20250326122055.0
008 231217s9999 xx 000 0 und d
020 _a9788120335660
082 _a658.4012 DAV;4 R
100 _aDavid, Fred R.
245 0 _aStrategic management : concepts and cases
250 _a12th ed.
260 _c2009
_bPHI
_aNew Delhi
300 _axxxi, 336+326
650 _aStrategic,management
942 _cAA
999 _c187093
_d187093